[Event "USV Potsdam-Stader SV"]
[Site "Greifswald"]
[Date "2013.09.13"]
[Round "3.1"]
[White "Vöge, Tobias"]
[Black "Eichstädt, Mirko"]
[Result "1/2-1/2"]
[WhiteElo "2043"]
[BlackElo "1954"]
[PlyCount "95"]
[EventDate "2013.??.??"]
[WhiteTeam "Stader SV"]
[BlackTeam "USV Potsdam"]

1. d4 d5 2. c4 c6 3. Nc3 Nf6 4. Bg5 dxc4 5. Nf3 h6 6. Bh4 b5 7. e3 e6 8. Be2
Nbd7 9. O-O Be7 10. a4 Nd5 11. Bxe7 Qxe7 12. Qc1 Nxc3 13. Qxc3 Nb6 14. d5 Nxd5
15. Qxg7 Qf6 16. Qxf6 Nxf6 17. axb5 cxb5 18. b3 cxb3 19. Bxb5+ Bd7 20. Bxd7+
Nxd7 21. Rfb1 Nc5 22. Nd4 O-O 23. Nxb3 Nxb3 24. Rxb3 Rfc8 25. Kf1 Rc2 26. Rba3
Rb8 27. R3a2 Rb1+ 28. Rxb1 Rxa2 29. g3 a5 30. Kg2 a4 31. Kf3 Kg7 32. h4 a3 33.
Rb3 f5 34. Rb7+ Kf6 35. Rh7 Ke5 36. Ra7 Kd5 37. Ra4 Kc5 38. e4 Kb5 39. Ra8 Kb4
40. exf5 exf5 41. Rb8+ Kc3 42. Rh8 Rc2 43. Rxh6 a2 44. Ra6 Kb2 45. Rb6+ Kc1 46.
Ra6 Kb2 47. Rb6+ Kc1 48. Ra6 1/2-1/2

[Event "USV Potsdam-Stader SV"]
[Site "Greifswald"]
[Date "2013.09.13"]
[Round "3.2"]
[White "Cech, Tim"]
[Black "Hammann, Jonas"]
[Result "1-0"]
[WhiteElo "1803"]
[BlackElo "1859"]
[PlyCount "77"]
[EventDate "2013.??.??"]
[WhiteTeam "USV Potsdam"]
[BlackTeam "Stader SV"]

1. d4 d5 2. Nf3 e6 3. Nbd2 Nf6 4. b3 c5 5. e3 Nc6 6. Bb2 Bd7 7. a3 Rc8 8. Bd3
cxd4 9. exd4 Bd6 10. O-O O-O 11. Ne5 Qb6 12. Ndf3 Na5 13. Qe2 a6 14. Rab1 Rc7
15. b4 Nc4 16. Nxc4 dxc4 17. Bxc4 Rfc8 18. Bd3 Nd5 19. g3 Bb5 20. Rbc1 Nc3 21.
Qd2 Qc6 22. Ne1 Qd5 23. Bxb5 Qxb5 24. Nd3 a5 25. Bxc3 Rxc3 26. a4 Qc4 27. bxa5
Qxd4 28. Rfd1 Be7 29. Nb2 Qxd2 30. Rxd2 Ba3 31. Rcd1 Rxc2 32. Rxc2 Rxc2 33.
Rd8+ Bf8 34. Nd3 Rd2 35. Kf1 g6 36. Ke1 Ra2 37. Nc5 Kg7 38. Nxb7 Rxa4 39. Rd7
1-0

[Event "USV Potsdam-Stader SV"]
[Site "Greifswald"]
[Date "2013.09.13"]
[Round "3.3"]
[White "Dittmann, Tobias"]
[Black "Werthmann, Nils"]
[Result "1-0"]
[WhiteElo "1605"]
[BlackElo "1833"]
[PlyCount "59"]
[EventDate "2013.??.??"]
[WhiteTeam "Stader SV"]
[BlackTeam "USV Potsdam"]

1. e4 Nc6 2. Nf3 e5 3. Bc4 Nf6 4. d3 d6 5. Nc3 Bg4 6. Be3 Be7 7. Qd2 h6 8. h3
Bh5 9. a3 Bxf3 10. gxf3 Nh5 11. Ne2 g5 12. O-O-O Nf4 13. d4 Bf6 14. c3 Qe7 15.
Ng3 O-O-O 16. Nf5 Qe8 17. Bb5 a6 18. Ba4 b5 19. Bb3 Na5 20. Ba2 Nc4 21. Bxc4
bxc4 22. d5 Nd3+ 23. Kb1 Qb5 24. Qc2 Kd7 25. a4 Qb7 26. Bc1 Rb8 27. Ne3 Qa7 28.
Nxc4 Nxf2 29. Be3 Qb7 30. Bxf2 1-0

[Event "USV Potsdam-Stader SV"]
[Site "Greifswald"]
[Date "2013.09.13"]
[Round "3.4"]
[White "Ender, Paul Marius"]
[Black "Günther, Alexander"]
[Result "1-0"]
[WhiteElo "1519"]
[BlackElo "1488"]
[PlyCount "43"]
[EventDate "2013.??.??"]
[WhiteTeam "USV Potsdam"]
[BlackTeam "Stader SV"]

1. e4 c5 2. b3 Nc6 3. Bb2 d6 4. Nc3 e5 5. Bc4 Nf6 6. Nge2 Be7 7. O-O O-O 8. f4
exf4 9. Nxf4 a6 10. a3 b5 11. Bd5 Qb6 12. Bxc6 Qxc6 13. Ncd5 Nxd5 14. Nxd5 Bd8
15. Qf3 Be6 16. Qg3 g6 17. Nf6+ Bxf6 18. Bxf6 h6 19. Rf4 c4 20. Rh4 Qc5+ 21.
Kh1 h5 22. b4 1-0

[Event "Königsspr. Hamburg-SK Doppelbauer Kiel"]
[Site "Greifswald"]
[Date "2013.09.13"]
[Round "3.1"]
[White "Beeck, Mats"]
[Black "Spät, Alexander"]
[Result "1/2-1/2"]
[WhiteElo "1839"]
[BlackElo "2019"]
[PlyCount "108"]
[EventDate "2013.??.??"]
[WhiteTeam "SK Doppelbauer Kiel"]
[BlackTeam "Königsspr. Hamburg"]

1. d4 d5 2. c4 c6 3. Nf3 Nf6 4. Nc3 dxc4 5. a4 Bf5 6. e3 e6 7. Bxc4 Bb4 8. O-O
Nbd7 9. Nh4 Bg6 10. Nxg6 hxg6 11. Qe2 Qc7 12. f4 Bxc3 13. bxc3 Ne4 14. Qc2 Nd6
15. Bd3 c5 16. Ba3 cxd4 17. cxd4 Qxc2 18. Bxc2 Nc4 19. Bc1 O-O 20. Bd3 Rfc8 21.
Rb1 Rab8 22. Rf2 a6 23. Rc2 b5 24. Kf2 Kf8 25. axb5 axb5 26. Rb4 Nd6 27. Rxc8+
Rxc8 28. Rb1 Ke8 29. Bd2 Nc4 30. Be1 Rb8 31. Ke2 Kd8 32. Rb4 Nd6 33. e4 Kc7 34.
e5 Nf5 35. g4 Ne7 36. Rxb5 Rxb5 37. Bxb5 Nd5 38. Bd2 Kd8 39. Kf3 Ke7 40. Bd3
Nb8 41. Bb5 Nd7 42. h4 N7b6 43. Bc1 Nc3 44. Ba3+ Kd8 45. Bd3 Nbd5 46. Bf8 Ke8
47. Bxg7 Nb4 48. Be4 Nxe4 49. Kxe4 f5+ 50. gxf5 gxf5+ 51. Kf3 Kf7 52. Bf6 Kg6
53. Ke2 Kh5 54. Bg5 Kg4 1/2-1/2

[Event "Königsspr. Hamburg-SK Doppelbauer Kiel"]
[Site "Greifswald"]
[Date "2013.09.13"]
[Round "3.2"]
[White "Pfreundt, Jakob"]
[Black "Pluska, Alexander"]
[Result "1/2-1/2"]
[WhiteElo "1903"]
[BlackElo "1867"]
[PlyCount "129"]
[EventDate "2013.??.??"]
[WhiteTeam "Königsspr. Hamburg"]
[BlackTeam "SK Doppelbauer Kiel"]

1. d4 d5 2. c4 c6 3. e3 Nf6 4. Nc3 e6 5. Nf3 Nbd7 6. Qc2 Be7 7. b3 b6 8. Be2
Bb7 9. O-O O-O 10. Bb2 dxc4 11. bxc4 c5 12. Rfd1 cxd4 13. exd4 Rc8 14. Qb3 Qc7
15. Rac1 Bxf3 16. Bxf3 Bd6 17. Nb5 Bxh2+ 18. Kh1 Qf4 19. g3 Qh6 20. Kg2 a6 21.
Nd6 Bxg3 22. fxg3 Rcd8 23. Ba3 Nh5 24. Ne4 f5 25. Nf2 Rf7 26. Rh1 g6 27. Rce1
Qg5 28. Bxh5 gxh5 29. Bc1 Qg6 30. Nd3 Qf6 31. Nf4 e5 32. Nd5 Qg7 33. dxe5 Nxe5
34. Bb2 Re8 35. Qc3 f4 36. Rxe5 Rxe5 37. Qxe5 Qxg3+ 38. Kf1 Qf3+ 39. Ke1 Qxh1+
40. Kd2 Qg2+ 41. Kd1 Qg1+ 42. Kc2 Qg6+ 43. Kb3 Rb7 44. Nf6+ Kf8 45. Qd6+ Re7
46. Qd8+ Kf7 47. Qd5+ Kf8 48. Nd7+ Ke8 49. Ne5 Qg3+ 50. Bc3 Rxe5 51. Qxe5+ Kd7
52. Qd5+ Kc7 53. Qf7+ Kc6 54. Qxh5 Qe3 55. Qh6+ Kc7 56. Qxh7+ Kc6 57. Qg6+ Kc7
58. Qg7+ Kc6 59. Qf6+ Kc7 60. Qe5+ Kc6 61. Qxe3 fxe3 62. Bd4 b5 63. c5 e2 64.
Bf2 e1=Q 65. Bxe1 1/2-1/2

[Event "Königsspr. Hamburg-SK Doppelbauer Kiel"]
[Site "Greifswald"]
[Date "2013.09.13"]
[Round "3.3"]
[White "Wanner, Lukas"]
[Black "Lemke, Berfin"]
[Result "0-1"]
[WhiteElo "1817"]
[BlackElo "1695"]
[PlyCount "78"]
[EventDate "2013.??.??"]
[WhiteTeam "SK Doppelbauer Kiel"]
[BlackTeam "Königsspr. Hamburg"]

1. d4 Nf6 2. Nf3 e6 3. e3 b6 4. Bd3 Bb7 5. O-O c5 6. Nbd2 cxd4 7. exd4 Be7 8.
b3 O-O 9. Bb2 d6 10. c4 Nbd7 11. Qc2 Rc8 12. Rac1 b5 13. Bc3 bxc4 14. bxc4 Qc7
15. Rfe1 Bd8 16. Bb4 Qc6 17. Ne4 Bc7 18. Nc3 a6 19. Qb3 Rfd8 20. Red1 Nb6 21.
a4 d5 22. cxd5 Nbxd5 23. Bc5 Nxc3 24. Rxc3 Ba5 25. Rcc1 Qd7 26. Bc4 Bd5 27. Ne5
Bxc4 28. Qxc4 Qb7 29. Rb1 Qa8 30. f4 Nd5 31. Rb3 Nxf4 32. Rf3 Qe4 33. Rf2 Bb6
34. Qf1 Bxc5 35. Rxf4 Bxd4+ 36. Rxd4 Qe3+ 37. Rf2 Rxd4 38. Nxf7 Rc1 39. Nh6+
gxh6 0-1

[Event "Königsspr. Hamburg-SK Doppelbauer Kiel"]
[Site "Greifswald"]
[Date "2013.09.13"]
[Round "3.4"]
[White "Samm, Bastian"]
[Black "Petersen, Finn Christopher"]
[Result "0-1"]
[WhiteElo "1417"]
[BlackElo "1573"]
[PlyCount "110"]
[EventDate "2013.??.??"]
[WhiteTeam "Königsspr. Hamburg"]
[BlackTeam "SK Doppelbauer Kiel"]

1. e4 e5 2. Nc3 Nf6 3. g3 d5 4. exd5 Nxd5 5. Bg2 c6 6. Nge2 Bg4 7. O-O Bb4 8.
Qe1 O-O 9. a3 Ba5 10. b4 Bb6 11. Bb2 Re8 12. Kh1 f5 13. Nd1 Nd7 14. c4 N5f6 15.
c5 Bc7 16. Ne3 Nf8 17. h3 Bxe2 18. Qxe2 Qd7 19. Rad1 Ne6 20. Nxf5 Nf4 21. Qc4+
Kh8 22. gxf4 Qxf5 23. Qf7 Qd7 24. Qxd7 Nxd7 25. fxe5 Bxe5 26. Bxe5 Nxe5 27.
Rfe1 Nd3 28. Rxe8+ Rxe8 29. Kg1 Re7 30. Rf1 a5 31. bxa5 Nxc5 32. Rb1 Kg8 33.
Rc1 Nb3 34. Rd1 Nxa5 35. Kf1 Nc4 36. a4 Kf7 37. d3 Nb2 38. Re1 Nxd3 39. Rxe7+
Kxe7 40. Be4 Nc5 41. Bxh7 Nxa4 42. Ke2 Kf6 43. Ke3 g6 44. Bg8 Nb6 45. Kd4 Nd7
46. Ke4 Nc5+ 47. Kd4 Ne6+ 48. Ke3 Ng5 49. h4 Nf7 50. Kd4 Kg7 51. Bxf7 Kxf7 52.
Ke5 b5 53. Kd4 Kg7 54. Kc5 Kh6 55. Kd4 Kh5 0-1

[Event "Hamburger SK-SK Wildeshausen"]
[Site "Greifswald"]
[Date "2013.09.13"]
[Round "3.1"]
[White "Grigorian, Spartak"]
[Black "Kramer, Julian"]
[Result "1/2-1/2"]
[WhiteElo "2155"]
[BlackElo "2137"]
[PlyCount "55"]
[EventDate "2013.??.??"]
[WhiteTeam "SK Wildeshausen"]
[BlackTeam "Hamburger SK"]

1. c4 c6 2. e4 d5 3. exd5 cxd5 4. d4 Nf6 5. Nc3 Nc6 6. Bg5 Be6 7. Nf3 g6 8.
Bxf6 exf6 9. c5 Bg7 10. a3 O-O 11. Be2 Bg4 12. h3 Bxf3 13. Bxf3 f5 14. Ne2 b6
15. O-O Rc8 16. Rb1 bxc5 17. dxc5 Ne5 18. Bxd5 Rxc5 19. Nc3 Qh4 20. f4 Nc4 21.
Rf3 Nxb2 22. Qb3 Qf6 23. Rxb2 Rxc3 24. Rxc3 Qxc3 25. Qxc3 Bxc3 26. Rb7 Bd4+ 27.
Kf1 Kg7 28. Ke2 1/2-1/2

[Event "Hamburger SK-SK Wildeshausen"]
[Site "Greifswald"]
[Date "2013.09.13"]
[Round "3.2"]
[White "Hinrichs, Lars"]
[Black "Finke, Maurice"]
[Result "1-0"]
[WhiteElo "2068"]
[BlackElo "1912"]
[PlyCount "49"]
[EventDate "2013.??.??"]
[WhiteTeam "Hamburger SK"]
[BlackTeam "SK Wildeshausen"]

1. e4 c5 2. Ne2 Nc6 3. c4 e5 4. Nbc3 g6 5. d3 Bg7 6. Nd5 d6 7. Nec3 Nh6 8. h4
O-O 9. Be2 Nd4 10. Bd2 f5 11. Bg5 Qd7 12. h5 Ne6 13. Bxh6 Bxh6 14. hxg6 Qg7 15.
Ne7+ Qxe7 16. Rxh6 hxg6 17. Rxg6+ Ng7 18. Bf3 Kh7 19. exf5 Nxf5 20. Rg4 Nd4 21.
Rg3 Qh4 22. Ne4 Nxf3+ 23. gxf3 Bf5 24. Kd2 Qh6+ 25. Kc3 1-0

[Event "Hamburger SK-SK Wildeshausen"]
[Site "Greifswald"]
[Date "2013.09.13"]
[Round "3.3"]
[White "Ngo, Minh Duc"]
[Black "Rogozenco, Teodora"]
[Result "0-1"]
[WhiteElo "1924"]
[BlackElo "1921"]
[PlyCount "102"]
[EventDate "2013.??.??"]
[WhiteTeam "SK Wildeshausen"]
[BlackTeam "Hamburger SK"]

1. e4 c5 2. f4 Nc6 3. Nf3 d5 4. exd5 Qxd5 5. Nc3 Qd8 6. Bc4 Bf5 7. O-O e6 8. d3
Nf6 9. Re1 Be7 10. Bd2 O-O 11. Ne2 h6 12. Ng3 Bh7 13. Bc3 Na5 14. Bxa5 Qxa5 15.
f5 b5 16. Bb3 c4 17. dxc4 bxc4 18. Bxc4 Bxf5 19. Nxf5 Qxf5 20. Re5 Qf4 21. Bb3
Ng4 22. g3 Qb4 23. Re1 Bc5+ 24. Kg2 Ne3+ 25. Rxe3 Bxe3 26. Qe2 Bb6 27. c3 Qe7
28. Rf1 Rad8 29. Ne5 Qg5 30. Nf3 Qe3 31. Qxe3 Bxe3 32. Re1 Bb6 33. Re2 Rd6 34.
Bc2 Rfd8 35. a3 g6 36. Kf1 Kg7 37. Ke1 f5 38. Ne5 Kf6 39. Bb3 Bc7 40. Nf3 Rb6
41. Bc4 e5 42. Rc2 e4 43. Nd2 g5 44. Be2 Re6 45. b4 f4 46. gxf4 gxf4 47. h3 f3
48. Bc4 Re7 49. Bb5 Bg3+ 50. Kf1 Bf4 51. Ke1 f2+ 0-1

[Event "Hamburger SK-SK Wildeshausen"]
[Site "Greifswald"]
[Date "2013.09.13"]
[Round "3.4"]
[White "Elbracht, Michael"]
[Black "Schumann, Steffen"]
[Result "1/2-1/2"]
[WhiteElo "1772"]
[BlackElo "1793"]
[PlyCount "152"]
[EventDate "2013.??.??"]
[WhiteTeam "Hamburger SK"]
[BlackTeam "SK Wildeshausen"]

1. e4 c5 2. Nf3 d6 3. Bb5+ Bd7 4. Bxd7+ Qxd7 5. c4 Nc6 6. Nc3 g6 7. d4 cxd4 8.
Nxd4 Bg7 9. Be3 Nf6 10. f3 Ne5 11. b3 O-O 12. O-O Rfc8 13. Rc1 a6 14. Qd2 Qd8
15. Nde2 Nfd7 16. Nf4 Nc5 17. Rfd1 Rc6 18. Ncd5 a5 19. Nc3 h5 20. Bxc5 Rxc5 21.
Nd3 Rc6 22. Nxe5 Bxe5 23. Kh1 e6 24. Nb5 Qh4 25. h3 Qg3 26. Kg1 Bf4 27. Qf2
Qh2+ 28. Kf1 Bxc1 29. Rxc1 Qh1+ 30. Qg1 Qxg1+ 31. Kxg1 d5 32. exd5 exd5 33. Kh2
Rac8 34. Na7 dxc4 35. Nxc8 Rxc8 36. bxc4 Rc5 37. Rb1 Rxc4 38. Rxb7 Rc2 39. a3
Rc3 40. Kg3 Rxa3 41. Ra7 a4 42. Kh4 Ra1 43. Kg5 Kg7 44. g4 hxg4 45. hxg4 a3 46.
Kf4 a2 47. Kg5 Rf1 48. Rxa2 Rxf3 49. Ra7 Rb3 50. Rc7 Rd3 51. Ra7 Rd5+ 52. Kf4
Kf6 53. Ra6+ Ke7 54. Ra7+ Ke6 55. Ra6+ Rd6 56. Ra4 f6 57. Re4+ Kd5 58. Ra4 Rc6
59. Ra5+ Rc5 60. Ra6 Rc4+ 61. Kf3 Rc1 62. g5 Rc3+ 63. Kf4 Rc4+ 64. Kf3 Rc3+ 65.
Kf4 fxg5+ 66. Kxg5 Rg3+ 67. Kf4 Rg1 68. Rb6 g5+ 69. Kf3 Ke5 70. Kf2 Ra1 71. Kg3
Kf5 72. Rc6 Ra3+ 73. Kg2 Kg4 74. Rc4+ Kh5 75. Rb4 g4 76. Rb8 Kg5 1/2-1/2

[Event "Schachunion Berlin-SV Merseburg"]
[Site "Greifswald"]
[Date "2013.09.13"]
[Round "3.1"]
[White "Knopf, Felix"]
[Black "Geldner, Gerrit"]
[Result "1-0"]
[WhiteElo "1968"]
[BlackElo "1788"]
[PlyCount "121"]
[EventDate "2013.??.??"]
[WhiteTeam "SV Merseburg"]
[BlackTeam "Schachunion Berlin"]

1. d4 d5 2. c4 e6 3. Nc3 Nf6 4. cxd5 exd5 5. Bg5 Be7 6. Nf3 c6 7. Qc2 h6 8. Bf4
O-O 9. h3 Nbd7 10. e3 Bb4 11. Bd3 Re8 12. O-O Qe7 13. a3 Bd6 14. Bxd6 Qxd6 15.
b4 b6 16. Rac1 Bb7 17. Nh4 Qe6 18. Bf5 Qe7 19. Nf3 Red8 20. Rfe1 Qd6 21. Qb1 b5
22. a4 bxa4 23. Nxa4 Nb6 24. Nc5 Bc8 25. Ne5 Bxf5 26. Qxf5 Rab8 27. Ra1 Nc8 28.
Reb1 Re8 29. Ncd7 Rb7 30. Nxf6+ Qxf6 31. Qxf6 gxf6 32. Nxc6 Rc7 33. b5 Kf8 34.
Ra6 Re6 35. Rba1 Rb7 36. R1a5 Ke8 37. Kf1 Kd7 38. Ke2 h5 39. Kd3 Kc7 40. Kc3 f5
41. Nb4 Rd6 42. Rc6+ Kd7 43. Rc5 Nb6 44. Nc6 f6 45. Nxa7 Nc4 46. Ra1 Nb6 47.
Nc6 Re6 48. Kd3 Rd6 49. Nb4 Ke7 50. Rac1 Rdd7 51. f3 Kd8 52. Rc6 Ke7 53. Na6
Rd6 54. Rxd6 Kxd6 55. Rc6+ Ke7 56. Nc5 Rb8 57. Rc7+ Ke8 58. Na6 Rd8 59. Rc6 Nd7
60. Nc7+ Kf7 61. b6 1-0

[Event "Schachunion Berlin-SV Merseburg"]
[Site "Greifswald"]
[Date "2013.09.13"]
[Round "3.2"]
[White "Torzinski, Nils"]
[Black "Hoffmann, Dustin"]
[Result "1/2-1/2"]
[WhiteElo "1803"]
[BlackElo "1754"]
[PlyCount "71"]
[EventDate "2013.??.??"]
[WhiteTeam "Schachunion Berlin"]
[BlackTeam "SV Merseburg"]

1. e4 c5 2. Nc3 Nc6 3. f4 d6 4. Nf3 g6 5. Bc4 Bg7 6. O-O e6 7. d3 Nge7 8. Qe1
O-O 9. f5 gxf5 10. Qg3 fxe4 11. dxe4 Ng6 12. h4 Nce5 13. Nxe5 dxe5 14. Be3 Qxh4
15. Qxh4 Nxh4 16. Bxc5 Rd8 17. Be7 Rd4 18. Bxe6 Bxe6 19. Bxh4 Rc8 20. Bg5 a6
21. Be3 Rdc4 22. Rfd1 Bf8 23. Rd3 Bc5 24. Bxc5 R4xc5 25. Rad1 b5 26. Rd8+ Rxd8
27. Rxd8+ Kg7 28. a3 Rc4 29. Rd2 Rc5 30. Rd6 a5 31. Rd2 b4 32. axb4 axb4 33.
Ne2 Rc4 34. Ng3 Kg6 35. Kf2 Kg5 36. Kf3 1/2-1/2

[Event "Schachunion Berlin-SV Merseburg"]
[Site "Greifswald"]
[Date "2013.09.13"]
[Round "3.3"]
[White "Le Hong, Quang Anh"]
[Black "Lischeid, Kilian"]
[Result "0-1"]
[WhiteElo "1538"]
[BlackElo "1642"]
[PlyCount "112"]
[EventDate "2013.??.??"]
[WhiteTeam "SV Merseburg"]
[BlackTeam "Schachunion Berlin"]

1. Nf3 Nf6 2. d4 d5 3. c4 e6 4. Nc3 c6 5. cxd5 exd5 6. e3 Bd6 7. Be2 Bf5 8. O-O
O-O 9. a3 Nbd7 10. b4 Ne4 11. Bb2 Ndf6 12. Bd3 Ng4 13. Qc2 Re8 14. Rac1 Rc8 15.
h3 Nh6 16. Rfd1 Qf6 17. Qe2 Qg6 18. Nh4 Qg5 19. Nxf5 Nxf5 20. Nxe4 dxe4 21. Bc4
Qe7 22. d5 Be5 23. dxc6 Rxc6 24. Bxe5 Qxe5 25. Qa2 Qe7 26. Bd5 Rxc1 27. Rxc1
Nd6 28. Rc5 Kf8 29. Qc2 Qe5 30. Bb3 Qa1+ 31. Qc1 Qxc1+ 32. Rxc1 Ke7 33. Kf1 Rd8
34. Rc7+ Rd7 35. Rxd7+ Kxd7 36. Bd5 Kc7 37. a4 Kb6 38. Ke2 a5 39. bxa5+ Kxa5
40. Bb3 Kb4 41. Bc2 Kc3 42. Kd1 f5 43. Kc1 b6 44. g4 fxg4 45. hxg4 g5 46. Bb1
h6 47. Ba2 Kb4 48. Bd5 Kxa4 49. Kc2 Kb4 50. f3 exf3 51. Bxf3 Nc4 52. e4 Ne5 53.
Be2 Kc5 54. Kc3 b5 55. Bd1 b4+ 56. Kb3 Kd4 0-1

[Event "Schachunion Berlin-SV Merseburg"]
[Site "Greifswald"]
[Date "2013.09.13"]
[Round "3.4"]
[White "Nguyen, Phoung Thuy Anh"]
[Black "Handke, Moritz"]
[Result "0-1"]
[WhiteElo "1436"]
[BlackElo "1485"]
[PlyCount "76"]
[EventDate "2013.??.??"]
[WhiteTeam "Schachunion Berlin"]
[BlackTeam "SV Merseburg"]

1. e4 e5 2. Nf3 Nc6 3. Bc4 d6 4. c3 Bg4 5. d3 Nf6 6. Bb3 Qd7 7. h3 Bxf3 8. Qxf3
Be7 9. Nd2 Na5 10. Bc2 g6 11. b4 Nc6 12. a4 Nd8 13. O-O h5 14. d4 g5 15. dxe5
dxe5 16. Qd3 Qxd3 17. Bxd3 g4 18. Nc4 Bd6 19. Bg5 Nd7 20. f4 Ne6 21. fxe5 Nxe5
22. Nxe5 Bxe5 23. Bf6 Bxf6 24. Rxf6 gxh3 25. gxh3 Rg8+ 26. Kh2 Rd8 27. Rd1 Ke7
28. Rf3 c5 29. Be2 cxb4 30. Rxd8 Rxd8 31. cxb4 Rd2 32. Rf2 Nd4 33. Kg3 Rxe2 34.
Rf4 Rb2 35. Kh4 Ne6 36. Rf5 Rxb4 37. Re5 Rxa4 38. Kxh5 f6 0-1

[Event "Treptower SV-Greifswalder SV"]
[Site "Greifswald"]
[Date "2013.09.13"]
[Round "3.1"]
[White "Altenstein, Benjamin"]
[Black "Pixa, Richard"]
[Result "0-1"]
[WhiteElo "1345"]
[BlackElo "1993"]
[PlyCount "68"]
[EventDate "2013.??.??"]
[WhiteTeam "Greifswalder SV"]
[BlackTeam "Treptower SV"]

1. d4 d5 2. c4 e6 3. Nc3 c6 4. Nf3 dxc4 5. a4 Bb4 6. Bd2 a5 7. e3 b5 8. axb5
Bxc3 9. Bxc3 cxb5 10. b3 Bb7 11. bxc4 b4 12. Bd2 Nf6 13. Be2 O-O 14. O-O Nbd7
15. Qb3 Qc7 16. Rfc1 Ne4 17. c5 Bc6 18. Bxb4 axb4 19. Qxb4 Rxa1 20. Rxa1 Rb8
21. Qc4 Rb2 22. Qd3 Qb7 23. Qa6 h6 24. Qxb7 Bxb7 25. Kf1 Kf8 26. Rc1 Bc6 27. h3
Ke7 28. h4 g5 29. hxg5 hxg5 30. g4 f6 31. Ke1 Nf8 32. Rd1 Nc3 33. Rd2 Rb1+ 34.
Bd1 Bxf3 0-1

[Event "Treptower SV-Greifswalder SV"]
[Site "Greifswald"]
[Date "2013.09.13"]
[Round "3.2"]
[White "Klodt, Daniel"]
[Black "Sbach, Lennart"]
[Result "1-0"]
[WhiteElo "1752"]
[BlackElo "1282"]
[PlyCount "61"]
[EventDate "2013.??.??"]
[WhiteTeam "Treptower SV"]
[BlackTeam "Greifswalder SV"]

1. e4 e6 2. d4 d5 3. exd5 exd5 4. Bd3 Bd6 5. Nf3 Bg4 6. c3 Qe7+ 7. Be3 Nf6 8.
O-O O-O 9. Nbd2 c6 10. Re1 Qc7 11. Qc2 Re8 12. Bg5 Nbd7 13. Bh4 Qa5 14. Bg3
Bxg3 15. hxg3 Rxe1+ 16. Nxe1 Re8 17. Nef3 c5 18. dxc5 Nxc5 19. b4 Qa4 20. bxc5
Qxc2 21. Bxc2 Re2 22. Bd3 Bxf3 23. Nxf3 Rb2 24. Rb1 Rxa2 25. Rxb7 g6 26. c6
Ra1+ 27. Rb1 Ra3 28. c7 Rxc3 29. Rb8+ Kg7 30. c8=Q Rxd3 31. Qf8# 1-0

[Event "Treptower SV-Greifswalder SV"]
[Site "Greifswald"]
[Date "2013.09.13"]
[Round "3.3"]
[White "Altenstein, Jonas"]
[Black "Hesse, Henrik"]
[Result "1/2-1/2"]
[WhiteElo "1221"]
[BlackElo "1512"]
[PlyCount "76"]
[EventDate "2013.??.??"]
[WhiteTeam "Greifswalder SV"]
[BlackTeam "Treptower SV"]

1. e4 e5 2. Nf3 Nf6 3. Nc3 Bb4 4. Bc4 Nc6 5. Qe2 d6 6. O-O O-O 7. Re1 Bg4 8. a3
Nd4 9. Qd3 Bxc3 10. dxc3 Nxf3+ 11. gxf3 Be6 12. Kh1 Nh5 13. Rg1 Nf4 14. Bxf4
exf4 15. Qd4 g5 16. h4 h6 17. Rg2 Bxc4 18. Qxc4 Kh7 19. hxg5 hxg5 20. Rag1 f6
21. Qd5 Kg7 22. Rh2 Qd7 23. Rxg5+ fxg5 24. Qxg5+ Kf7 25. Rh7+ Ke8 26. Rxd7 Kxd7
27. Qb5+ Kc8 28. Kg2 a6 29. Qc4 Kd7 30. Kf1 Rf6 31. Qd4 Rg6 32. e5 Rag8 33.
exd6 Rg1+ 34. Ke2 Re8+ 35. Kd2 Rg6 36. Kc1 Rxd6 37. Qg7+ Kc6 38. Kb1 Ree6
1/2-1/2

[Event "Treptower SV-Greifswalder SV"]
[Site "Greifswald"]
[Date "2013.09.13"]
[Round "3.4"]
[White "Pixa, Ulrich"]
[Black "Rosenstock, Ruben"]
[Result "1-0"]
[WhiteElo "1551"]
[BlackElo "928"]
[PlyCount "89"]
[EventDate "2013.??.??"]
[WhiteTeam "Treptower SV"]
[BlackTeam "Greifswalder SV"]

1. e4 e5 2. Nf3 Nc6 3. Bc4 Bc5 4. c3 Nf6 5. d3 d6 6. Be3 Bb6 7. O-O O-O 8. Re1
Bg4 9. Nbd2 h6 10. Nf1 Nh7 11. Ng3 Qf6 12. h3 Bxf3 13. Qxf3 Qxf3 14. gxf3 Ng5
15. Kg2 Ne7 16. Bxb6 axb6 17. d4 Ng6 18. Ne2 exd4 19. cxd4 Nh4+ 20. Kg3 Nhxf3
21. Red1 Nd2 22. Bd3 Ndxe4+ 23. Kg2 Nf6 24. Ng3 Rfe8 25. f3 Ne6 26. Ne2 Ra5 27.
a3 c5 28. Bf5 Nxd4 29. Nxd4 cxd4 30. Bd3 Nd5 31. Kg3 Ne3 32. Rg1 Rg5+ 33. Kf2
Rxg1 34. Rxg1 Nf5 35. Bxf5 Re5 36. Bd3 Re3 37. Be2 Re5 38. Rd1 Rd5 39. Bc4 Rh5
40. Rxd4 Rxh3 41. Kg2 Rh5 42. Rxd6 Rg5+ 43. Kf2 Rc5 44. Bd3 Rc6 45. Rd8# 1-0

[Event "USV VB Halle-USC Magdeburg"]
[Site "Greifswald"]
[Date "2013.09.13"]
[Round "3.1"]
[White "Nguyen Manh, Hoang"]
[Black "Altstadt, Karl-Simon"]
[Result "1-0"]
[WhiteElo "1760"]
[BlackElo "1808"]
[PlyCount "139"]
[EventDate "2013.??.??"]
[WhiteTeam "USC Magdeburg"]
[BlackTeam "USV VB Halle"]

1. e4 c5 2. Nf3 d6 3. d4 cxd4 4. Nxd4 Nf6 5. Nc3 e5 6. Nb3 Be7 7. Be3 Be6 8.
Be2 O-O 9. Qd2 a5 10. Rd1 Na6 11. f3 Nb4 12. a3 Na6 13. O-O Rc8 14. Bxa6 bxa6
15. Nd5 Nxd5 16. exd5 Bf5 17. Rc1 a4 18. Na5 Bd7 19. b4 axb3 20. cxb3 f5 21.
Nc4 f4 22. Bf2 Rb8 23. Na5 Rc8 24. Rxc8 Qxc8 25. Rc1 Qe8 26. Nc6 g5 27. Qe2 Bc8
28. Nb4 Qb5 29. Qxb5 axb5 30. Rc6 g4 31. Rb6 gxf3 32. gxf3 Kf7 33. Nc6 Bh3 34.
Nxe7 Kxe7 35. Bh4+ Kd7 36. Rb7+ Kc8 37. Rg7 Re8 38. Kf2 Kb8 39. Be7 Kc7 40.
Rxh7 Bf5 41. Rg7 Bh3 42. Bf8+ Bd7 43. Rf7 e4 44. Rxf4 exf3 45. Rf6 Re2+ 46.
Kxf3 Rb2 47. Bxd6+ Kd8 48. Rf8+ Be8 49. b4 Rb3+ 50. Kf4 Kd7 51. Bc5 Rh3 52. Bg1
Rxa3 53. Rg8 Rb3 54. Bc5 Rh3 55. Rg7+ Kd8 56. Rg2 Bf7 57. Kg4 Rh8 58. Rd2 Kd7
59. h4 Kc7 60. d6+ Kd7 61. Rh2 Bh5+ 62. Kg5 Rh7 63. Ra2 Ke6 64. Ra7 Rxa7 65.
Bxa7 Be8 66. Bc5 Kf7 67. h5 Kg7 68. Bd4+ Kf7 69. h6 Kg8 70. Kf6 1-0

[Event "USV VB Halle-USC Magdeburg"]
[Site "Greifswald"]
[Date "2013.09.13"]
[Round "3.2"]
[White "Niggl, Michael"]
[Black "Geue, Niklas"]
[Result "0-1"]
[WhiteElo "1419"]
[BlackElo "1699"]
[PlyCount "88"]
[EventDate "2013.??.??"]
[WhiteTeam "USV VB Halle"]
[BlackTeam "USC Magdeburg"]

1. c4 e5 2. g3 Nc6 3. Bg2 f5 4. Nc3 Nf6 5. e3 Be7 6. Nge2 O-O 7. O-O Qe8 8. Re1
d6 9. d4 Qh5 10. Nb5 Bd8 11. Nec3 Qh6 12. Nd5 Ne8 13. b3 a6 14. Na3 Nf6 15. Bb2
e4 16. Nf4 g5 17. Ne2 Ng4 18. h3 Nf6 19. Kh2 Ng4+ 20. Kg1 Nf6 21. Kh2 Nb4 22.
Rf1 Nd3 23. Qd2 Ng4+ 24. Kg1 Nf6 25. Kh2 c6 26. Nc3 d5 27. cxd5 cxd5 28. Ne2
Ng4+ 29. Kg1 Nf6 30. Kh2 Nh5 31. f4 gxf4 32. gxf4 Bh4 33. Nc1 Nxb2 34. Qxb2 Kh8
35. Nc2 Rg8 36. Nb4 Be6 37. Ne2 Ng3 38. Nxg3 Rxg3 39. Rae1 Rag8 40. Re2 Qg7 41.
Rg1 Bf7 42. Qd2 Bh5 43. Rf2 Rg6 44. Rff1 Bf3 0-1

[Event "USV VB Halle-USC Magdeburg"]
[Site "Greifswald"]
[Date "2013.09.13"]
[Round "3.3"]
[White "Fahsel, Nico"]
[Black "Geyer, Hannes"]
[Result "0-1"]
[WhiteElo "1580"]
[BlackElo "1313"]
[PlyCount "82"]
[EventDate "2013.??.??"]
[WhiteTeam "USC Magdeburg"]
[BlackTeam "USV VB Halle"]

1. e4 c5 2. Nf3 d6 3. d4 cxd4 4. Nxd4 Nf6 5. Nc3 a6 6. Bg5 e6 7. f4 Nbd7 8. Qf3
Qc7 9. O-O-O b5 10. e5 Bb7 11. Qe3 dxe5 12. fxe5 Nd5 13. Nxd5 Bxd5 14. Nf3 Nc5
15. Bd3 b4 16. b3 Rc8 17. Kb1 Nxd3 18. Qxd3 Bc5 19. h4 O-O 20. Bf4 f6 21. Rh3
f5 22. h5 Be7 23. Rd2 Be4 24. Qe2 Rfd8 25. Ne1 Rxd2 26. Qxd2 a5 27. Re3 Qc6 28.
Re2 a4 29. Nd3 axb3 30. axb3 Rd8 31. g3 Bxd3 32. cxd3 Qd5 33. Kb2 Qxd3 34. Qxd3
Rxd3 35. Rd2 Rxd2+ 36. Bxd2 Kf7 37. Kc2 g6 38. Kd3 g5 39. Kc4 Kg7 40. Bxb4 Bxb4
41. Kxb4 f4 0-1